| 000 | 00389nam a2200145 a 4500 | ||
|---|---|---|---|
| 005 | 20140412111427.0 | ||
| 008 | 090718s19uu xx 00 eng d | ||
| 020 | _a971-8551-37-9 | ||
| 050 |
_aFil _bFr94 2004 |
||
| 100 | _aPaterno, Maria Elena | ||
| 245 |
_aFruit Stand / _cMaria Elena Paterno. |
||
| 260 |
_aPhilippines : _bAyala Foundation, _c2004. |
||
| 300 | _a22p. | ||
| 999 |
_c106253 _d106253 |
||